Sheila Rae, The Brave (Record no. 11811)

MARC details
000 -LEADER
fixed length control field 00251nam a22000977a 4500
008 - FIXED-LENGTH DATA ELEMENTS--GENERAL INFORMATION
fixed length control field 200220b ||||| |||| 00| 0 eng d
020 ## - INTERNATIONAL STANDARD BOOK NUMBER
International Standard Book Number 059046406X
100 ## - MAIN ENTRY--PERSONAL NAME
Personal name Henkes Kevin
9 (RLIN) 7419
245 ## - TITLE STATEMENT
Title Sheila Rae, The Brave
260 ## - PUBLICATION, DISTRIBUTION, ETC. (IMPRINT)
Place of publication, distribution, etc. New Year
Name of publisher, distributor, etc. Scholastic
Date of publication, distribution, etc. 1993

No items available.

Powered by Koha